| 000 | 00000nam 2200000za 4500 |
| 001 | 9.573132 |
| 003 | CaOODSP |
| 005 | 20210624183545 |
| 007 | cr ||||||||||| |
| 008 | 150406s2003 onc|||||o f|0| 0 eng d |
| 040 | |aCaOODSP|beng |
| 043 | |an-cn--- |
| 086 | 1 |aD82-39/2003E-PDF |
| 245 | 00|aBe prepared, not scared |h[electronic resource] : |bemergency preparedness starts with you / |cproduced by the Government of Canada's Office of Critical Infrastructure Protection and Emergency Preparedness in cooperation with the Canadian Red Cross. |
| 250 | |aRevised July 2003. |
| 260 | |aOttawa : |bOffice of Critical Infrastructure Protection and Emergency Preparedness, |cc2003. |
| 300 | |a24 p. : |bill. |
| 490 | 1 |aSelf-help advice |
| 500 | |aThis publication was listed in Weekly Checklist 04-17. The catalogue number (D82-39/2001E) and ISBN (0-662-30131-5) assigned to the previous print edition have been copied in this publication. |
| 690 | 07|aEmergency preparedness|2gcpds |
| 710 | 1 |aCanada.|bOffice of Critical Infrastructure Protection and Emergency Preparedness. |
| 775 | 08|tSe préparer non s'inquiéter |w(CaOODSP)9.603357 |
| 794 | |tBe prepared, not scared : |w(CaOODSP)9.573141 |
| 795 | |tBe prepared not scared |w(CaOODSP)9.686303 |
| 830 | #0|aSelf-help advice.|w(CaOODSP)9.506852 |
| 856 | 40|ahttp://publications.gc.ca|qPDF|s4.26 MB|uhttps://publications.gc.ca/collections/Collection/D82-39-2003E.pdf |